000 00286nam a2200121Ia 4500
008 190216s9999||||xx |||||||||||||| ||und||
100 _aVeena Goutham
245 0 _aHindi-Dambeer Bharathi Aur Sankar Rosh
260 _bAnmol Prakashan
300 _a131
650 _aHindi
942 _cBK
999 _c16241
_d16241